000 01127cad a22002415a 4500
001 L157310
008 121016s2012 xxk g 000 0 eng d
020 _a9781908257079
035 _a(Sirsi) u157310
041 0 _aeng
110 2 _aMPA - The Concrete Centre
_95832
245 0 0 _aInsulating concrete formwork
_ba guide to the performance benefits of ICF solutions
_h[electronic resource]
260 _aCamberley
_bMPA
_c2012
505 2 _aIntroduction -- Designing with ICF -- Performance benefits -- Building with ICF -- Case studies
520 _aInsulating concrete formwork (ICF) is a construction system that uses cast in situ concrete between two layers of insulation. This document looks at what the system can offer.
590 _aKA
651 4 _aUnited Kingdom
_y
690 _aBuilding materials and defects
690 _aSustainability
_96271
690 _aEnergy
_96237
856 4 0 _uhttps://www.concretecentre.com/online_services/publication_library/publication_details.aspx?PublicationId=795
_zView the website www.concretecentre.com for details of registering to read this free download
942 _n0
999 _c114716
_d114716